Statistics for Mal's 20 Highest Capital Cities (Altitude)

Click here to take the quiz!

General Stats

  • This quiz has been taken 102 times
    (63 since last reset)
  • The average score is 9 of 20

Answer Stats

Hint Answer % Correct
11,942 / 3640La Paz, Bolivia
85%
4,593 / 1400Kathmandu, Nepal
79%
9,350 / 2850Quito, Ecuador
77%
7,350 / 2240Mexico City, Mexico
72%
8,612 / 2625Bogota. Colombia
68%
5,873 / 1790Kabul, Afghanistan
57%
8,688 / 2648Thimphu, Bhutan
51%
5,889 / 1795Nairobi, Kenya
47%
7,726 / 2355Addis Ababa, Ethiopia
40%
5,141 / 1567Kigali, Rwanda
40%
4,170 / 1271Pretoria, South Africa
36%
5,016 / 1529Guatemala City, Guatemala
36%
4,429 / 1350Ulan Bator, Mongolia
30%
5,489 / 1673Maseru, Lesotho
26%
7,628 / 2325Asmara, Eritrea
25%
4,167 / 1270Lusaka, Zambia
23%
4,865 / 1483Harare, Zimbabwe
23%
5,646 / 1721Windhoek, Namibia
19%
7,382 / 2250Sana'a, Yemen
17%
4,226 / 1288Antananarivo, Madagascar
11%

Score Distribution

Percentile by Number Answered

Percent of People with Each Score

Your Score History

You have not taken this quiz since the last reset